[Event "Baden-ch AT2"]
[Site "Oberwinden"]
[Date "2007.04.14"]
[Round "9"]
[White "Jorge, Patrick"]
[Black "Risch, Bernhard"]
[Result "1-0"]
[WhiteElo "819"]
[BlackElo "905"]
[PlyCount "65"]
[EventDate "2007.04.07"]
[EventType "swiss"]
[EventRounds "9"]
[EventCountry "GER"]
[SourceTitle "CBM 117 Extra"]
[Source "ChessBase"]
[SourceDate "2007.05.09"]
[SourceVersion "1"]
[SourceVersionDate "2007.05.09"]
[SourceQuality "1"]

1. e4 Nc6 2. Nf3 e5 3. Bc4 Be7 4. Nc3 Nf6 5. d3 0-0 6. 0-0 d6 7. h3 Bd7 8. Bg5 h6 9. Bh4 Nh5 10. Bxe7 Qxe7 11. Nd5 Qd8 12. a3 Be6 13. Nb4 Nxb4 14. axb4 Nf4 15. Bxe6 Nxe6 16. d4 exd4 17. Nxd4 Qf6 18. Nxe6 Qxe6 19. Re1 Rae8 20. Qg4 Qf6 21. Qf5 Qxb2 22. Rab1 Qxc2 23. Rbc1 Qb2 24. b5 Re5 25. Rb1 Qd4 26. Red1 Qb6 27. Qd7 Rxe4 28. Re1 Rf4 29. Re2 Rc4 30. Rbb2 Rc1+ 31. Kh2 Qc5 32. Re8 d5 33. g3 1-0

[Event "Baden-ch AT2"]
[Site "Oberwinden"]
[Date "2007.04.13"]
[Round "8"]
[White "Jorge, Patrick"]
[Black "Wagmann, Siegfried"]
[Result "0-1"]
[WhiteElo "819"]
[BlackElo "1297"]
[PlyCount "96"]
[EventDate "2007.04.07"]
[EventType "swiss"]
[EventRounds "9"]
[EventCountry "GER"]
[SourceTitle "CBM 117 Extra"]
[Source "ChessBase"]
[SourceDate "2007.05.09"]
[SourceVersion "1"]
[SourceVersionDate "2007.05.09"]
[SourceQuality "1"]

1. e4 d5 2. exd5 Qxd5 3. Nc3 Qa5 4. Bc4 Nf6 5. Nf3 Bg4 6. 0-0 Nbd7 7. d4 0-0-0 8. Bd2 Qh5 9. Bf4 Bxf3 10. Qxf3 Qxf3 11. gxf3 e6 12. Nb5 e5 13. dxe5 Nh5 14. Nxa7+ Kb8 15. Be3 Nxe5 16. Rad1 Be7 17. Be2 Nf6 18. Rxd8+ Rxd8 19. Rd1 Rxd1+ 20. Bxd1 c6 21. f4 Nc4 22. Bf3 Nxe3 23. fxe3 Kxa7 24. c3 Nd7 25. b4 Bf6 26. c4 Bc3 27. b5 cxb5 28. cxb5 Kb6 29. a4 Nc5 30. Bd1 Ka5 31. Bc2 h6 32. e4 f6 33. Kg2 Nxa4 34. Bd3 Nc5 35. Bc2 Kxb5 36. Kg3 Kc4 37. Kg4 Bd2 38. Kf5 b5 39. h4 Kc3 40. Bd1 b4 41. e5 fxe5 42. Kxe5 Be1 43. h5 Kd2 44. Bg4 b3 45. Bf5 Nd3+ 46. Bxd3 Kxd3 47. Ke6 b2 48. Kf7 Bc3 0-1

[Event "Baden-ch AT2"]
[Site "Oberwinden"]
[Date "2007.04.11"]
[Round "5"]
[White "Jorge, Patrick"]
[Black "Bertram, Christian"]
[Result "0-1"]
[WhiteElo "819"]
[BlackElo "957"]
[PlyCount "174"]
[EventDate "2007.04.07"]
[EventType "swiss"]
[EventRounds "9"]
[EventCountry "GER"]
[SourceTitle "CBM 117 Extra"]
[Source "ChessBase"]
[SourceDate "2007.05.09"]
[SourceVersion "1"]
[SourceVersionDate "2007.05.09"]
[SourceQuality "1"]

1. e4 d6 2. Nf3 Nc6 3. Bc4 Bg4 4. d4 e5 5. d5 Nd4 6. Nbd2 Nf6 7. c3 Nxf3+ 8. Nxf3 Nxe4 9. 0-0 c6 10. dxc6 bxc6 11. Bd3 Nf6 12. Bc2 e4 13. Ba4 Qc7 14. h3 Bxf3 15. gxf3 exf3 16. Qxf3 d5 17. c4 Be7 18. cxd5 Nxd5 19. Qxd5 0-0 20. Qxc6 Qe5 21. Qc3 Qh5 22. Bd1 Qb5 23. Re1 Bb4 24. Qb3 Rab8 25. Re4 a5 26. Be2 Qf5 27. Qf3 Qxf3 28. Bxf3 f5 29. Re6 Rfd8 30. Bg5 Rd3 31. Re3 Rd2 32. Re2 Rd3 33. Kg2 h6 34. Re3 Rd2 35. Bf4 Rf8 36. a3 Bc5 37. Re2 Rd4 38. Be3 Rc4 39. Bxc5 Rxc5 40. b4 axb4 41. axb4 Rb5 42. Rb2 Rf6 43. Ra8+ Kh7 44. Be2 Rg6+ 45. Kf3 Rb7 46. Kf4 Rf6 47. Bd3 g5+ 48. Ke5 Kg7 49. Bxf5 Re7+ 50. Kd5 Rxf5+ 51. Kd6 Rfe5 52. Ra7 Rxa7 53. Kxe5 Ra3 54. b5 Ra5 55. f4 gxf4 56. Kxf4 Ra4+ 57. Kg3 Ra7 58. b6 Rb7 59. h4 Kg6 60. Rb5 h5 61. Kf4 Rf7+ 62. Ke5 Rf5+ 63. Kd6 Rxb5 64. Kc6 Rxb6+ 65. Kxb6 Kf5 66. Kc5 Kg4 67. Kd4 Kxh4 68. Ke3 Kg3 69. Ke2 Kg2 70. Ke3 h4 71. Kf4 h3 72. Kf5 h2 73. Ke5 h1Q 74. Kd5 Qh4 75. Ke5 Qc4 76. Kd6 Kf3 77. Ke5 Qd3 78. Ke6 Qd4 79. Ke7 Qd5 80. Kf6 Kf4 81. Ke7 Qc6 82. Kf7 Qd6 83. Kg7 Qe6 84. Kh7 Qg4 85. Kh6 Kf5 86. Kh7 Kf6 87. Kh8 Qg7# 0-1

[Event "Baden-ch AT2"]
[Site "Oberwinden"]
[Date "2007.04.09"]
[Round "3"]
[White "Jorge, Patrick"]
[Black "Roth, Dietmar"]
[Result "0-1"]
[WhiteElo "819"]
[BlackElo "1481"]
[PlyCount "110"]
[EventDate "2007.04.07"]
[EventType "swiss"]
[EventRounds "9"]
[EventCountry "GER"]
[SourceTitle "CBM 117 Extra"]
[Source "ChessBase"]
[SourceDate "2007.05.09"]
[SourceVersion "1"]
[SourceVersionDate "2007.05.09"]
[SourceQuality "1"]

1. e4 e5 2. Bc4 Nf6 3. Nc3 Nc6 4. Nf3 Nxe4 5. d3 Nxc3 6. bxc3 d6 7. Ng5 d5 8. Bb3 Be7 9. Qh5 Bxg5 10. Bxg5 Qd6 11. 0-0 Be6 12. Rab1 0-0 13. Qh4 h6 14. Bd2 Ne7 15. c4 Nf5 16. Qh3 Nd4 17. Qh5 dxc4 18. dxc4 Nxb3 19. cxb3 Qxd2 20. Qxe5 c6 21. Rb2 Qg5 22. Qxg5 hxg5 23. Rd1 Rfd8 24. Rxd8+ Rxd8 25. f3 g4 26. Kf2 g6 27. Kg3 gxf3 28. Kxf3 Kg7 29. g3 Kf6 30. h4 Rd3+ 31. Kf4 Rd1 32. g4 Rd4+ 33. Kf3 Bxg4+ 34. Kg3 Be6 35. Rf2+ Ke5 36. Re2+ Re4 37. Rxe4+ Kxe4 38. a4 Kd4 39. Kf4 Kc5 40. Ke5 Kb4 41. Kd6 Kxb3 42. Kc7 Kxa4 43. Kxb7 Bxc4 44. Kxc6 Kb4 45. Kd6 a5 46. Ke7 a4 47. Kf6 a3 48. Kg5 a2 49. h5 gxh5 50. Kxh5 a1Q 51. Kg5 Qe5+ 52. Kg4 Bd5 53. Kh4 Qg7 54. Kh5 Bf3+ 55. Kh4 Qg4# 0-1

[Event "Baden-ch AT2"]
[Site "Oberwinden"]
[Date "2007.04.08"]
[Round "2"]
[White "Saur, Mathias"]
[Black "Jorge, Patrick"]
[Result "0-1"]
[WhiteElo "1265"]
[BlackElo "819"]
[PlyCount "164"]
[EventDate "2007.04.07"]
[EventType "swiss"]
[EventRounds "9"]
[EventCountry "GER"]
[SourceTitle "CBM 117 Extra"]
[Source "ChessBase"]
[SourceDate "2007.05.09"]
[SourceVersion "1"]
[SourceVersionDate "2007.05.09"]
[SourceQuality "1"]

1. e4 e5 2. f4 Bd6 3. Nf3 exf4 4. d4 Nf6 5. e5 Qe7 6. Bc4 Nh5 7. 0-0 Bb4 8. a3 Ba5 9. b4 Bb6 10. Nc3 d6 11. Nd5 Qd7 12. c3 0-0 13. Nxf4 Qf5 14. Nxh5 Qxh5 15. Qb3 dxe5 16. Nxe5 Qxe5 17. Kh1 Qe7 18. Bd2 Nc6 19. Rf3 Bg4 20. Rg3 Qd7 21. h3 Be6 22. Bh6 Bxc4 23. Qxc4 Qe6 24. Qxe6 fxe6 25. Bxg7 Rf7 26. Bh6+ Kh8 27. Re1 Rf6 28. Bg7+ Kg8 29. Bxf6+ Kf7 30. Rf1 Ne7 31. Bh4+ Ke8 32. Rg7 Kd7 33. Rxe7+ Kd6 34. a4 a6 35. c4 Bxd4 36. Rd1 e5 37. Rxh7 c5 38. b5 axb5 39. axb5 b6 40. Rf1 e4 41. Bg3+ Ke6 42. Rh6+ Ke7 43. Rxb6 e3 44. Rf5 Ra1+ 45. Kh2 e2 46. Rh5 Bg1+ 47. Kh1 Bf2+ 48. Kh2 Bxg3+ 49. Kxg3 e1Q+ 50. Kh2 Qg1+ 51. Kg3 Qe3+ 52. Kh4 Qf4+ 53. g4 Qf2+ 54. Kg5 Qd2+ 55. Kg6 Qd3+ 56. Kh6 Qe3+ 57. g5 Kf7 58. Rb7+ Ke6 59. Kh7 Qf3 60. Rh6+ Ke5 61. g6 Qxb7+ 62. g7 Ra7 63. Rg6 Kd4 64. Kh8 Ra8+ 65. g8Q Rxg8+ 66. Rxg8 Kxc4 67. h4 Kxb5 68. h5 c4 69. h6 c3 70. h7 c2 71. Rg1 Qb8+ 72. Kg7 Qa7+ 73. Kh6 Qxg1 74. h8Q Qh1+ 75. Kg7 Qxh8+ 76. Kxh8 c1Q 77. Kh7 Qg5 78. Kh8 Kc6 79. Kh7 Kd7 80. Kh8 Ke7 81. Kh7 Kf7 82. Kh8 Qg7# 0-1

[Event "Baden-ch AT2"]
[Site "Oberwinden"]
[Date "2007.04.07"]
[Round "1"]
[White "Jorge, Patrick"]
[Black "Stratz, Franz Paul"]
[Result "0-1"]
[WhiteElo "819"]
[BlackElo "1549"]
[PlyCount "54"]
[EventDate "2007.04.07"]
[EventType "swiss"]
[EventRounds "9"]
[EventCountry "GER"]
[SourceTitle "CBM 117 Extra"]
[Source "ChessBase"]
[SourceDate "2007.05.09"]
[SourceVersion "1"]
[SourceVersionDate "2007.05.09"]
[SourceQuality "1"]

1. e4 e5 2. Nf3 Nc6 3. Bc4 Bc5 4. d3 h6 5. Qe2 Nf6 6. Be3 Bb4+ 7. c3 Be7 8. Nbd2 d6 9. 0-0 Bg4 10. Nb3 a6 11. d4 Nxe4 12. Bd3 Nf6 13. Qd2 e4 14. Be2 exf3 15. Bxf3 Bxf3 16. gxf3 Nd5 17. Kh1 Qd7 18. Rg1 Nxe3 19. Qxe3 g6 20. f4 0-0-0 21. d5 Nb8 22. c4 Rde8 23. Qd4 Qf5 24. Rae1 Bf6 25. Qa7 Qxf4 26. Na5 Qf3+ 27. Rg2 Rxe1# 0-1